NBA Rookie of The Year Winners - Statistics

General Stats
  • This quiz has been taken 19 times
  • The average score is 40 of 74
Answer Stats
Year Team Winner % Correct
2013 Trail Blazers Damian Lillard
100%
2016 Timberwolves Karl-Anthony Towns
100%
2019 Mavericks Luka Dončić
100%
2023 Magic Paolo Banchero
100%
2020 Grizzlies Ja Morant
93%
2012 Cavaliers Kyrie Irving
93%
2021 Hornets LaMelo Ball
93%
2004 Cavaliers LeBron James
93%
2022 Raptors Scottie Barnes
93%
2009 Bulls Derrick Rose
86%
2008 SuperSonics Kevin Durant
86%
1985 Bulls Michael Jordan
86%
2015 Timberwolves Andrew Wiggins
79%
2018 76ers Ben Simmons
79%
2011 Clippers Blake Griffin
79%
2006 Hornets Chris Paul
79%
1995 Mavericks Jason Kidd
79%
1980 Celtics Larry Bird
79%
1961 Royals Oscar Robertson
79%
1986 Knicks Patrick Ewing
79%
1993 Magic Shaquille O'Neal
79%
1998 Spurs Tim Duncan
79%
1999 Raptors Vince Carter
79%
2003 Suns Amar'e Stoudemire
71%
1996 Raptors Damon Stoudamire
71%
1990 Spurs David Robinson
71%
1970 Bucks Kareem Abdul Jabbar
71%
1992 Hornets Larry Johnson
71%
2017 Bucks Malcolm Brogdon
71%
2014 76ers Michael Carter-Williams
71%
2002 Grizzlies Pau Gasol
71%
1969 Bullets Wes Unseld
71%
1960 Warriors Wilt Chamberlain
71%
1973 Braves Bob McAdoo
64%
1959 Lakers Elgin Baylor
64%
1995 Pistons Grant Hill
64%
2001 Magic Mike Miller
64%
1966 Warriors Rick Barry
64%
1978 Suns Walter Davis
64%
1997 76ers Allen Iverson
57%
1955 Hawks Bob Pettit
57%
2007 Trail Blazers Brandon Roy
57%
1994 Warriors Chris Webber
57%
1984 Rockets Ralph Sampson
57%
2000 Rockets Steve Francis
57%
2010 Kings Tyreke Evans
57%
1982 Nets Buck Williams
50%
1971 Celtics Dave Cowens
50%
2000 Bulls Elton Brand
50%
1988 Knicks Mark Jackson
50%
2005 Bobcats Emeka Okafor
43%
1967 Pistons Dave Bing
36%
1968 Bullets Earl Monroe
36%
1989 Warriors Mitch Richmond
36%
1965 Knicks Willis Reed
36%
1977 Braves Adrian Dantley
29%
1991 Nets Derrick Coleman
29%
1964 Royals Jerry Lucas
21%
1971 Trail Blazers Geoff Petrie
14%
1957 Celtics Tom Heinsohn
14%
1953 Pistons Don Meineke
7%
1974 Braves Ernie DiGregorio
7%
1972 Trail Blazers Sidney Wicks
7%
1962 Packers Walt Bellamy
7%
1976 Suns Alvan Adams
0%
1987 Pacers Chuck Person
0%
1981 Jazz Darrell Griffith
0%
1975 Warriors Jamaal Wilkes
0%
1956 Royals Maurice Stokes
0%
1979 Kings Phil Ford
0%
1954 Bullets Ray Felix
0%
1983 Clippers Terry Cummings
0%
1963 Zephyrs Terry Dischinger
0%
1958 Warriors Woody Sauldsberry
0%
No matching quizzes found
Score Distribution
Percent of People with Each Score
Percentile by Number Answered
Your Score History
You have not taken this quiz